000
00295nam a22001337a 4500
008
171004b xxu||||| |||| 00| 0 eng d
020
_a
9780077471804
041
_a
eng
080
_a
159.9
100
_a
48
101
_a
PSI
245
_a
THE SCIENCE OF PSYCHOLOGY
_c
KING,L.A
942
_2
udc
_c
BK
999
_c
31802
_d
31802